Perspektívy a možnosti fungovania V4 v geopolitickom priestore strednej Európy
Vznik a etablovanie visegrádskej spolupráce. Visegrád ako regionálne zoskupenie. Bezpečnostná dimenzia spolupráce. Ekonomická spolupráca. Politická spolupráca. Kultúrna spolupráca. Názory občanov na smerovnie V4 vo svete výskumu. V4 po vstupe do EÚ.
Salvato in:
| Autore principale: | |
|---|---|
| Natura: | Capitolo di libro |
| Lingua: | slovacco |
| Soggetti: | |
| Tags: |
Nessun Tag, puoi essere il primo ad aggiungerne!!
|
MARC
| LEADER | 00000naa$a2200000$$$4500 | ||
|---|---|---|---|
| 001 | 0041793 | ||
| 005 | 20231107111200.3 | ||
| 041 | 0 | |a slo | |
| 044 | |a SK | ||
| 245 | 1 | 0 | |a Perspektívy a možnosti fungovania V4 v geopolitickom priestore strednej Európy |c Danica Bezaňuková |
| 520 | |a Vznik a etablovanie visegrádskej spolupráce. Visegrád ako regionálne zoskupenie. Bezpečnostná dimenzia spolupráce. Ekonomická spolupráca. Politická spolupráca. Kultúrna spolupráca. Názory občanov na smerovnie V4 vo svete výskumu. V4 po vstupe do EÚ. | ||
| 610 | 2 | 0 | |a geopolitika |
| 610 | 2 | 0 | |a stredná Európa |
| 610 | 2 | 0 | |a spolupráca kultúrna |
| 610 | 2 | 0 | |a politika bezpečnostná |
| 610 | 2 | 0 | |a spolupráca hospodárska medzinárodná |
| 610 | 2 | 0 | |a zoskupenia integračné medzinárodné |
| 100 | 1 | |a Kazanský, Rastislav | |